000 00541cam a22002171 4500
001 sa 62001271
003 DLC
005 20260227111918.0
008 890619s1962 ii 000 0 hino
010 _asa 62001271
035 _a(OCoLC)19892017
040 _aDLC
_cWaU
_dDLC
042 _apremarc
050 0 0 _aPK2098.S73
_bS5
100 1 _aŚrīvāstava, Gaṇeśa Prasāda.
245 1 0 _aSiddhārtha kā gr̥ha-tyāga.
260 _c[1962]
300 _a135 p.
_c19 cm.
500 _aIn Hindi.
600 0 0 _aGautama Buddha
_vDrama.
999 _c53240
_d53240